LDR 00908naa#a2200169#i#450# 001 RU\\bibl\122025 005 20260604234307.4 011 ## _a2687-0185 100 ## _a20260319b2026####ek#y0rusy0150####ca 102 ## _aRU 200 1# _aО некоторых аспектах дополнительного учета иностранных граждан и лиц без гражданства в Российской Федерации _eЖурнальная статья 210 1# _aМосква _cМосковский университет МВД России имени В.Я. Кикотя _d2026 215 ## _a3 с. 608 ## _aЖурнальная статья _2local 675 ## _aАдминистративное право отдельных отраслей и общетвенных институтов. 342.951 _z 700 #1 _aПрудникова _gТатьяна Анатольевна 856 4# _amosumvd.editorum.ru _u